000 00231nam a22000857a 4500
008 160907b xxu||||| |||| 00| 0 eng d
100 _9312
_aTwain M
245 _aThe adventures of Tom Sawyer
260 _aNew York
_bChoice publication
_c1989
999 _c2972
_d2972